|
|
|
|
| LEADER |
00000nam0a2200000 4500 |
| 001 |
78816 |
| 005 |
20231031094052.0 |
| 035 |
|
|
|a (RuTPU)RU\TPU\book\84611
|
| 090 |
|
|
|a 78816
|
| 100 |
|
|
|a 20050701d1935 m y0rusy50 ca
|
| 101 |
0 |
|
|a rus
|
| 102 |
|
|
|a SU
|
| 105 |
|
|
|a y z 001zy
|
| 200 |
1 |
|
|a Теория и техника архивного дела
|e Опыт систематического руководства
|f Г. А. Князев
|g Центральный исторический архив СССР; Ленинградское отделение
|
| 210 |
|
|
|a Ленинград
|c ЛОЦИА
|d 1935
|
| 215 |
|
|
|a 122 с.
|d 21 см.
|
| 320 |
|
|
|a Библиография в конце разделов.
|
| 320 |
|
|
|a Приложение 1:Инструкция для составления обзоров архивных фондов: с.104-107.
|
| 320 |
|
|
|a Приложение2: Правила по подготовке к изданию документов нового времени (XIX-XX вв.): с.108-120.
|
| 610 |
1 |
|
|a архивное дело
|
| 610 |
1 |
|
|a архивоведение
|
| 610 |
1 |
|
|a архивное хранение
|
| 610 |
1 |
|
|a архивы
|
| 610 |
1 |
|
|a СССР
|
| 610 |
1 |
|
|a руководство
|
| 610 |
1 |
|
|a археография
|
| 686 |
|
|
|a Ч81
|2 rubbk
|
| 700 |
|
1 |
|a Князев
|b Г. А.
|
| 712 |
0 |
2 |
|a Центральный исторический архив СССР; Ленинградское отделение
|
| 801 |
|
1 |
|a RU
|b 63413507
|c 20050701
|g PSBO
|
| 801 |
|
2 |
|a RU
|b 63413507
|c 20091105
|g PSBO
|
| 942 |
|
|
|c BK
|